Statistics for 90 secs Countries of the World: by first 3 Vowels

Click here to take the quiz!

General Stats

  • This quiz has been taken 1,254 times
  • The average score is 68 of 196

Answer Stats

COUNTRY% Correct
Chad
99%
Kyrgyzstan
99%
Egypt
96%
Cyprus
92%
Ghana
85%
Japan
85%
Malta
85%
Qatar
85%
Rwanda
85%
France
81%
Brazil
80%
Mali
80%
Spain
80%
Sweden
69%
Yemen
69%
China
68%
Finland
68%
Gabon
68%
Iran
68%
Iraq
68%
Italy
68%
Laos
68%
Libya
68%
Syria
68%
Denmark
67%
Germany
67%
Kenya
67%
Nepal
67%
Togo
63%
Bahamas
62%
Benin
62%
Canada
62%
Kazakhstan
62%
Madagascar
62%
Panama
62%
Jordan
61%
Norway
61%
Oman
61%
Poland
61%
Tonga
61%
Fiji
59%
Chile
56%
Niger
56%
Bhutan
54%
Burma
54%
Cuba
54%
Hungary
54%
Sudan
54%
Algeria
52%
Argentina
52%
Armenia
52%
Afghanistan
51%
Albania
51%
Bahrain
51%
Jamaica
51%
Malawi
51%
Malaysia
51%
Marshall Islands
51%
San Marino
51%
Tanzania
51%
Greece
43%
Peru
43%
Seychelles
43%
Australia
40%
Papua New Guinea
40%
Vanuatu
40%
Azerbaijan
39%
Comoros
39%
Gambia
39%
Kosovo
39%
Latvia
39%
Morocco
39%
Pakistan
39%
Solomon Islands
39%
Swaziland
39%
Taiwan
39%
Thailand
39%
Turkey
39%
Vatican City
39%
Zambia
39%
Andorra
36%
Angola
36%
Samoa
36%
Bangladesh
35%
Austria
34%
Barbados
34%
Mauritania
34%
Mauritius
34%
Saudi Arabia
34%
Palau
33%
Paraguay
33%
Cameroon
32%
Guinea
32%
Guinea-Bissau
32%
Macedonia
32%
United Arab Emirates
32%
United Kingdom
32%
United States
32%
Philippines
30%
Uruguay
29%
Federated States of Micronesia
27%
Netherlands
27%
New Zealand
27%
Senegal
27%
Burkina Faso
24%
Russia
24%
Suriname
24%
Antigua and Barbuda
23%
Haiti
23%
Namibia
23%
Saint Kitts and Nevis
23%
Saint Lucia
23%
Saint Vincent and the Grenadines
23%
Tajikistan
23%
Cape Verde
22%
Central African Republic
21%
East Timor
21%
El Salvador
21%
Grenada
21%
Maldives
21%
Belarus
20%
Cambodia
20%
Lebanon
20%
Ethiopia
19%
India
19%
Kiribati
19%
Mexico
19%
Trinidad and Tobago
19%
Czech Republic
18%
Honduras
18%
Iceland
18%
Ireland
18%
Portugal
18%
Serbia
18%
Sierra Leone
18%
South Africa
18%
Switzerland
18%
Venezuela
18%
Vietnam
18%
Belize
17%
Eritrea
17%
Israel
16%
São Tomé and Príncipe
16%
Zimbabwe
16%
Belgium
15%
Bosnia and Herzegovina
15%
Costa Rica
15%
Croatia
15%
Mozambique
15%
Nauru
15%
Romania
15%
Slovakia
15%
Somalia
15%
Democratic Republic of the Congo
13%
Estonia
13%
Georgia
13%
Moldova
13%
Nicaragua
13%
Sri Lanka
13%
Colombia
12%
Mongolia
12%
Botswana
11%
Guatemala
11%
Bulgaria
10%
Guyana
10%
Indonesia
10%
Kuwait
10%
North Korea
10%
Uganda
10%
Ukraine
10%
Bolivia
9%
Brunei
9%
Burundi
9%
Dominica
9%
Dominican Republic
9%
Ecuador
9%
Equatorial Guinea
9%
Monaco
9%
Turkmenistan
9%
Uzbekistan
9%
Côte d'Ivoire
8%
Djibouti
8%
Lesotho
8%
Singapore
8%
South Korea
8%
Liberia
7%
Nigeria
7%
Republic of the Congo
7%
Slovenia
7%
Liechtenstein
6%
Lithuania
6%
Tuvalu
6%
South Sudan
5%
Tunisia
4%
Luxembourg
3%
Montenegro
3%

Score Distribution

Percentile by Number Answered

Percent of People with Each Score

Your Score History

You have not taken this quiz